| 000 | 00488nam a2200145 a 4500 | ||
|---|---|---|---|
| 001 | 000028757 | ||
| 005 | 20200930055123.0 | ||
| 008 | 110412s2001 dr ac r 000 0 spa d | ||
| 040 |
_aDO-SdBNP _bspa _cBNPHU |
||
| 082 |
_axxxx _bI19f |
||
| 110 | 1 |
_aConsejo del Liderazgo Demócrata _955754 |
|
| 245 | 0 | 0 |
_aIdeario : _bfundamentos políticos de los centro demócratas dominicanos. |
| 260 |
_aSanto Domingo : _bConsejo del Liderazgo Demócrata, _c2001. |
||
| 300 |
_a36 p. : _bil., retr. ; _c29 cm. |
||
| 999 |
_c28249 _d28249 |
||